书目信息 |
| 题名: |
掌权者的责任
|
|
| 作者: | 瓦尔特·蒙代尔 著 ;曾越麒 译 | |
| 分册: | ||
| 出版信息: | 北京 商务印书馆 1978.09 |
|
| 页数: | 221页 | |
| 开本: | 19cm | |
| 丛书名: | ||
| 单 册: | ||
| 中图分类: | I712.5 | |
| 科图分类: | ||
| 主题词: | 文学 | |
| 电子资源: | ||
| ISBN: | ||
| 000 | 00772nam0 2200241 45 | |
| 001 | 0206201026 | |
| 005 | 20060810144232.73 | |
| 010 | @dCNY0.68 | |
| 091 | @a3017.224 | |
| 100 | @a20020620d1978 km y0chiy0120 ea | |
| 101 | 0 | @achi@ceng |
| 105 | @a z 000zy | |
| 200 | 1 | @a掌权者的责任@AZhang Quan Zhe De Ze Ren@e争取总统克尽厥责@EZheng Qu Zong Tong Ke Jin Jue Ze@f(美)瓦尔特·蒙代尔著@F(Mei)Wa Er Te·Meng Dai Er Zhu@g曾越麒等译 |
| 210 | @a北京@c商务印书馆@d1978.09 | |
| 215 | @a221页@d19cm | |
| 300 | @a内部参考发行 | |
| 517 | @a争取总统克尽厥责@AZheng Qu Zong Tong Ke Jin Jue Ze | |
| 606 | 0 | @a文学 |
| 690 | @aI712.5@v3 | |
| 701 | 0 | @a瓦尔特·蒙代尔@4著 |
| 702 | 0 | @a曾越麒@ACeng Yue Qi@4译 |
| 801 | @aCN@bTSTC@c20060810 | |
| 905 | @f1@b851@dI712.5@e440 | |
| 掌权者的责任:争取总统克尽厥责/(美)瓦尔特·蒙代尔著/曾越麒等译.-北京:商务印书馆,1978.09 |
| 221页;19cm |
| 内部参考发行 |
| ISBN :CNY0.68 |
| ● |
| 相关链接 |
|
|
|
|
正题名:掌权者的责任
索取号:I712.5/440
 
预约/预借
| 序号 | 登录号 | 条形码 | 馆藏地/架位号 | 状态 | 备注 |
| 1 | 0000851 | 001798790 | 第二借阅区/ [索取号:I712.5/440] | 在馆 | |
| 2 | 0450439 | 204504394 | 密集书库/ [索取号:I712.5/440] | 在馆 |